| 000 | 00384nam a22001217a 4500 | ||
|---|---|---|---|
| 082 | _aT-213 | ||
| 100 |
_aMuhammad Waseem Yousaf _951196 |
||
| 245 | _aDevelopment of an aviation disaster management frame work of Pakistan at par with international standards and practices | ||
| 260 |
_aRisalpur, _bMCE, _c2017. |
||
| 300 |
_a140p. _bill. |
||
| 526 |
_a0 _b0 _c0 _dT_213 |
||
| 942 |
_2ddc _cBK |
||
| 999 |
_c553951 _d553951 |
||